NBA Champions - Statistics

General Stats
  • This quiz has been taken 1,433 times
  • The average score is 63 of 68
Answer Stats
Year Champion % Correct
1972 Los Angeles Lakers
99%
1980 Los Angeles Lakers
99%
1982 Los Angeles Lakers
99%
1985 Los Angeles Lakers
99%
1987 Los Angeles Lakers
99%
1988 Los Angeles Lakers
99%
2000 Los Angeles Lakers
99%
2001 Los Angeles Lakers
99%
2002 Los Angeles Lakers
99%
2009 Los Angeles Lakers
99%
2010 Los Angeles Lakers
99%
1949 Minneapolis Lakers
99%
1950 Minneapolis Lakers
99%
1952 Minneapolis Lakers
99%
1953 Minneapolis Lakers
99%
1954 Minneapolis Lakers
99%
1957 Boston Celtics
98%
1959 Boston Celtics
98%
1960 Boston Celtics
98%
1961 Boston Celtics
98%
1962 Boston Celtics
98%
1963 Boston Celtics
98%
1964 Boston Celtics
98%
1965 Boston Celtics
98%
1966 Boston Celtics
98%
1968 Boston Celtics
98%
1969 Boston Celtics
98%
1974 Boston Celtics
98%
1976 Boston Celtics
98%
1981 Boston Celtics
98%
1984 Boston Celtics
98%
1986 Boston Celtics
98%
2008 Boston Celtics
98%
1991 Chicago Bulls
97%
1992 Chicago Bulls
97%
1993 Chicago Bulls
97%
1996 Chicago Bulls
97%
1997 Chicago Bulls
97%
1998 Chicago Bulls
97%
2006 Miami Heat
97%
2012 Miami Heat
97%
2013 Miami Heat
97%
1999 San Antonio Spurs
96%
2003 San Antonio Spurs
96%
2005 San Antonio Spurs
96%
2007 San Antonio Spurs
96%
2014 San Antonio Spurs
96%
1989 Detroit Pistons
93%
1990 Detroit Pistons
93%
2004 Detroit Pistons
93%
2011 Dallas Mavericks
92%
1994 Houston Rockets
91%
1995 Houston Rockets
91%
1967 Philadelphia 76ers
87%
1983 Philadelphia 76ers
87%
1955 Syracuse Nationals
87%
1975 Golden State Warriors
86%
1947 Philadelphia Warriors
85%
1956 Philadelphia Warriors
85%
1970 New York Knicks
79%
1973 New York Knicks
79%
1971 Milwaukee Bucks
75%
1979 Seattle SuperSonics
75%
1978 Washington Bullets
74%
1951 Rochester Royals
73%
1977 Portland Trail Blazers
69%
1958 St. Louis Hawks
69%
1948 Baltimore Bullets
54%
No matching quizzes found
Score Distribution
Percent of People with Each Score
Percentile by Number Answered
Your Score History
You have not taken this quiz